000 00555cab a2200193 4500
001 WB2610-30
008 090401t1990 xxu||||| |||| 00| 0 eng d
035 _a(Sirsi) u3527
041 _aeng
245 _aGreen belt report
260 _c1990
350 _a0
490 _aArchitects` Journal
_vvol 191 no 10 7/3/90 p10
520 _aA report by the Regional Studies Association claims that current green belt policy is "outdated and ineffective".
650 _aPLANNING
690 _aPLANNING LAW AND PRACTICE
942 _n0
948 _c04/03/1997
999 _c2172
_d2172